000 00367pab a2200145 454500
008 180718b2006 xxu||||| |||| 00| 0 eng d
100 _aKallummal, Murali
245 _aNAMA negotiations under the WTO: real concerns?
260 _c2006
300 _ap.34-47.
362 _aSep-Oct
650 _aAgricultural markets
773 _aSocial Scientist
909 _a72763
999 _c72763
_d72763